000 00611nam a2200217Ia 4500
001 21020
003 DO-CoUTE
005 20260204212554.0
008 220104s9999 dr 000 0 spa d
040 _aDO-CoUTE
_bspa
_cDO-CoUTE
041 0 _aspa
082 _aRD 863 M671a
100 1 _aMirabeaux,Melania
245 1 0 _aAnecdotas de mi papá / Melania Mirabeaux
260 _aSan Frco deMacoris,República Dominicana : Talleres gráficos papiros
300 _a65 páginas
650 4 _aCuentosliteratura
942 _2ddc
_cBK
999 _c20677
_d20677